| 000 | 00000nas 2200000zi 4500 |
| 001 | 9.896836 |
| 003 | CaOODSP |
| 005 | 20240402091725 |
| 006 | m o d f |
| 007 | cr cn||||||||| |
| 008 | 210223d19721979oncar p os f0###a0eng|d |
| 022 | |y0833-5583 |
| 040 | |aCaOODSP|beng|erda|cCaOODSP |
| 043 | |an-cn--- |
| 086 | 1 |aC1-36E-PDF |
| 245 | 00|aElectrical and electronic industry, abstract of industry and trade statistics. |
| 264 | 1|aOttawa : |bDepartment of Industry, Trade and Commerce, |c[1973-1980?] |
| 310 | |aAnnual |
| 336 | |atext|btxt|2rdacontent |
| 337 | |acomputer|bc|2rdamedia |
| 338 | |aonline resource|bcr|2rdacarrier |
| 362 | 1 |aBegan with 1972 annual year; ceased with 1979 annual report. |
| 500 | |aDigitized edition from print [produced by Innovation, Science and Economic Development Canada]. |
| 500 | |aTitle from cover. |
| 500 | |aChiefly tables. |
| 550 | |aPrepared by: Planning & Special Projects Division, Electrical & Electronics Branch. |
| 588 | |aDescription based on: 1973. |
| 588 | |aLatest issue consulted: 1979. |
| 650 | 0|aElectric industries|zCanada|vStatistics|vPeriodicals. |
| 650 | 0|aElectronic industries|zCanada|vStatistics|vPeriodicals. |
| 650 | 6|aIndustries électriques|zCanada|vStatistiques|vPériodiques. |
| 650 | 6|aIndustries électroniques|zCanada|vStatistiques|vPériodiques. |
| 655 | 7|aStatistiques|2rvmgf |
| 655 | 7|aPériodiques|2rvmgf |
| 710 | 1 |aCanada. |bDepartment of Industry, Trade and Commerce, |eissuing body. |
| 785 | 00|tElectrical & electronics industries statistical summary.|w(CaOODSP)9.896850 |